| 000 | 00462nam a2200169Ia 4500 | ||
|---|---|---|---|
| 008 | 230917s9999||||xx |||||||||||||| ||und|| | ||
| 020 | _cRS500 | ||
| 040 |
_e258478 _aMAIN |
||
| 041 | _aEnglish | ||
| 082 | _a791.430233092 K141C:R | ||
| 100 | _aChowksey, Jayprakash | ||
| 245 | 0 | _aRajkapoor: Srijan prakriya | |
| 260 |
_aNew Delhi _bRajkamal Parkashan _c2010 |
||
| 300 | _a168 p. | ||
| 500 | _a3679 17/10/2019 RBP19/77350 08/11/2019 Main Budget | ||
| 942 | _cBK | ||
| 999 |
_c33374 _d33374 |
||